000 00902nam a2200229Ii 4500
003 JO-AjNU
008 230605s9999||||xx |||||||||||||| ||und||
017 _a1976/2747
020 _a977-246-202-8
040 _aJO-AjNU
_bara
_erda
_cJO-AjNU
041 _aara
050 1 4 _aLB880.A22 1969
100 3 _aعبد العزيز، صالح,
_eauthor
_938221
245 0 0 _aالتربية الحديثة:مادتها-مبادئها-تطبيقاتها العملية(التربية وطرق التدريس)، ج3
250 _aط7 مزيدة ومنقحة
264 3 1 _aالقاهرة: دار المعارف بمصر،1969
300 _aج3، 448ص
336 _atext
_btxt
_2rdacontent
337 _aunmediated
_bn
_2rdamedia
338 _avolume
_bnc
_2rdacarrier
650 4 _aالتربية والتعليم-طرق تدريس-المدارس -التوجية التربوي-تربية حديثه
_938222
999 _aA16040
_c19608
_d19608